000 00779nam a2200289Ia 4500
001 Z_4171
003 CHAP
008 220113s1992 xx 000 0 und d
010 _a167234
040 _cCHAP
082 _a636.08 R4
100 _aReunión Nacional de Investigación Pecuaria (1992 : Chihuahua, Chih.)
_9141381
245 _aMemorias /
_cpor SAGAR
260 _aChihuahua, Chih. :
_bLa Secretaría,
_c1992
300 _a402 p.
440 _a
500 _a
503 _a
650 _aGanadería
_xCongresos I. México. Secretaría de Agricultura, Ganadería y Desarrollo Rural
_9140175
650 _aGanadería
_xInvestigación
_xMéxico
_9137364
901 _a636.08 R4
902 _aA
910 _a1992
942 _c1
942 _cc1
999 _c167234
_d167234